000 00666nam a2200193Ia 4500
005 20250508165515.0
008 008 250505s9999 xx 000 0 hin d
037 _aTheses
040 _aFEDL
_beng
_cFEDL
041 _ahin
_2eng
084 _a376, SAV/TH
_qFEDL
100 _aSavitri
245 0 _aBhartiya rajneetik sansthaon mein janpratinidhi mahilaon ki sakriyata ke sanderbh mein unki shaishik preshtthbhumi ke prabhav ka adhyayan: Panchayati raj sansthaon ke vishesh sanderbh mein
260 _c2014
300 _a327p.
546 _aPH.D Thesis (Delhi University); C D Included
942 _cTH
_h376, SAV/TH
999 _c1395533
_d1395533